000 00844nam a2200229Ia 4500
001 L780-51015
003 IT-CnALBA
008 170116s9999||||xx |||||||||||||| ||und||
040 _aIT-CnALBA
_cIT-CnALBA
041 _aINGLESE
100 _aDEISS LUCIEN
245 0 _aBIBLICAL HYMNIS AND PSALMS. VOL. II. ESA 1929. EDIZIONE PER IL CANTO.
250 _a1a ed.
260 _a OHIO
_bLIBRARY WORLD OF SACRED MUSIC
_c1970 [1° Ed.: - Ed.Ling.Originale: 1970]
300 _a126 p.
500 _aINNI E CANTI BIBLICI. INNI E SALMI BIBLICI. NOTE. INDICE DEL VOL. II.
501 _aSocietà San Paolo EM - Piazza San Paolo, 14 - 12051 ALBA (CN) (non commercial uses only) ® Copyright 2017
520 _aINNI E CANTI BIBLICI. INNI E SALMI BIBLICI. NOTE. INDICE DEL VOL. II.
650 _aMUSICA
942 _cBK
957 _71
999 _a57539
_bNO
_g Copie: 1
_c309903
_d309903